Datum a čas kvízu
41
Celkem bodů
Celkový počet nahraných bodů na tomto kvízu bez doplňovacích otázek.
1.
Pořadí na kvízu
Konečné umístění týmu na tomto kvízu.
Zaznamenané odpovědi
| # | Otázka | Odpověď | Body | Výsledky |
|---|---|---|---|---|
| 1. | Ve středu se uskutečnilo letoš... | Jablonec nad Nisou | 1 | |
| 2. | Po ulicích jednoho středoslove... | Liptovský Mikuláš | 1 | |
| 3. | Jak se nazývá soutěžní reality... | Peče celá země | 1 | |
| 4. | Automobilka Škoda představila... | Epiq | 1 | |
| 5. | Český útočník Patrik Schick se... | Karabach | 1 | |
| 6. | Téma začneme v Evropě. Seřaďte... | 1B 2A 3D 4C | 1 | |
| 7. | V souvislosti s Che Guevarou s... | v Argentině | 1 | |
| 8. | Které z těchto zvířat nežije p... | A | 1 | |
| 9. | Kolik ostrovních států se nach... | jeden | 1 | |
| 10. | Jak se jmenuje ostrovní stát,... | Papua Nová Guinea | 0 |